| 000 | 00413nam a22001457a 4500 | ||
|---|---|---|---|
| 003 | SISC | ||
| 005 | 20160309153950.0 | ||
| 008 | 160309b xxu||||| |||| 00| 0 eng d | ||
| 020 | _a9781517141134 | ||
| 245 |
_aHow to build an adventure travel agency business : _bbuild a business collection _cTK Johnson |
||
| 250 | _a1st edition | ||
| 260 |
_bBusiness Collection _c2016 |
||
| 300 | _a110 p. | ||
| 942 |
_2lcc _cBK |
||
| 999 |
_c291500 _d291500 |
||